02020nam a22003257a 4500008004100000020001800041040000800059041001300067100003100080245006900111246003700180260003800217300005400255490001900309505019600328520055200524650006801076650006701144650004501211650006701256650003601323655002401359655004601383655004701429655003101476655003601507942000801543952012801551999001501679250523b |||||||| |||| 00| 0 eng d a9781399812559 ctbs ageraeng aMcNab, Rosi925334eauthor aBeginners' German b: learn faster, remember morec/ Rosi McNab. aTeach yourself beginner's German aLondon :bTeach Yourself, c2024. axvi, 151 pages :billustrations (color) ;c20 cm. aTeach yourself aMapped to A1-B1 on the Common European Framework of Reference — Everyday phrases and expressions — A bilingual word list — Practice activities — Listening exercises with online audio. aBeginners' German is for absolute beginners and those who’ve had some previous experience with the language and want to refresh their knowledge. Clear and simple explanations make the course appropriate and accessible to anyone learning German. There are extensive illustrations and tools to help you plan your studies and track your progress, all designed to support learning on your own. This course is also ideal to use with one-to-one tutoring and as a classroom course, and it’s the perfect resource to pair with a language-learning app.  0aGerman languagevTextbooks for foreign speakersxEnglish924643 0aGerman languagevConversation and phrase booksxEnglish925335 0aGerman languagexSelf-instruction924644 0aGerman language xStudy and teaching xForeign speakers913581 0aGerman languagexGrammar925336 0aPhrase books925062 0aProgrammed instructional materials925329 0aInstructional and educational works923270 0aInformational works923310 0aSelf-instructional works925331 2lcc 00102lcc4070aTBSbTBSd2025-05-23l1oP-DE LEARN MCNpB05836q2025-08-01r2025-06-17s2025-06-17t1w2025-05-23yGERMAN c4700d4700